| 000 | 00511cam a2200205 4500 | ||
|---|---|---|---|
| 001 | J98309 | ||
| 008 | 100816s1998 xxk l f | ||
| 035 | _a(Sirsi) u93021 | ||
| 041 | _aeng | ||
| 050 | 0 | 4 | _a001.6026 $2 20 |
| 110 |
_aUnited Kingdom _kLaws, etc _95044 |
||
| 245 | _aData Protection Act 1998 | ||
| 260 |
_bSweet & Maxwell _c1998 |
||
| 300 | _a104p. ; 24cm. | ||
| 350 | _a0 | ||
| 490 |
_aCurrent Law Statutes _v29 |
||
| 650 | _aDATA PROTECTION ACT 1998 | ||
| 942 | _n0 | ||
| 948 | _c28/04/1999 | ||
| 999 |
_c97799 _d97799 |
||